| 000 | 00861nam a2200241 u 4500 | ||
|---|---|---|---|
| 005 | 20240704063803.0 | ||
| 008 | 130423s2008 mx r 000 0 spa d | ||
| 020 | _a9789708290401 (SEP) | ||
| 020 | _a9786077633006 (Juventud) | ||
| 035 | _aUPN01000190802 | ||
| 049 | _aLTG | ||
| 050 | 4 |
_aPN3171 _bC3.3a |
|
| 100 | 1 |
_aCañas Torregrosa, José _933771 |
|
| 245 | 1 | 0 |
_aDidáctica de la expresión dramática : _buna aproximación a la dinámica teatral en el aula / _cJosé Cañas Torregrosa. |
| 260 |
_aMéxico : _bSEP, Subsecretaría de Educación Básica : _bJuventud, _c2008. |
||
| 300 | _a303 p. | ||
| 440 | 0 |
_aReforma integral de la educación básica. _pSecundaria |
|
| 650 | 4 |
_aTeatro en la educación _95250 |
|
| 650 | 7 |
_aTeatro escolar infantil _2 _96353 |
|
| 650 | 4 |
_aTeatro _xEstudio y enseñanza _917549 |
|
| 905 | _aLibro | ||
| 999 |
_c162905 _d162905 |
||